Uravnenija v častnych proizvodnych

Saved in:
Bibliographic Details
Format: Book
Language:Russian
Published: Minsk Nauka i technika 1986
Edition:1. izd.
Series:Načala teorii vyčislitel'nych metodov
Tags: Add Tag
No Tags, Be the first to tag this record!

MARC

LEADER 00000nam a2200000 4500
001 c040784
005 20260121071538.3
041 0 |a rus 
044 |a BY 
245 1 0 |a Uravnenija v častnych proizvodnych  |c Vladimir Ivanovič Krylov, Vladimir Vasil'jevič Bobkov, Petr Il'jič Monastyrnyj 
250 |a 1. izd. 
264 1 |a Minsk  |b Nauka i technika  |c 1986 
300 |a 310 s. 
490 1 |a Načala teorii vyčislitel'nych metodov 
830 0 |a Načala teorii vyčislitel'nych metodov